| 000 | 00589 a2200145 4500 | ||
|---|---|---|---|
| 003 | Nust | ||
| 005 | 20230213124401.0 | ||
| 040 | _cNust | ||
| 082 | _a973,OUT | ||
| 245 | _aAn Outline of American History / | ||
| 300 | _a148:p | ||
| 505 | _aThe Colonial Period (Page-5), The Winning of Independence (Page-27), The Formation of a National Government (Page-46), Westward Expansion and Regional Differences (Page-65), Sectional Conflict (Page-81), The Era of Expansion and Reform (Page-102), America in the Modern World (Page-122). | ||
| 650 |
_a American History _9109008 |
||
| 942 |
_2ddc _cBK |
||
| 999 |
_c187583 _d187583 |
||